000 00228nam a2200109Ia 4500
100 _aSharadkumar/ Shah
942 _cBK
245 _aApplied Chemistry-11
260 _bC.Jamnadas and Co
_c2014
546 _aENGLISH
999 _c31819
_d31819